Histoire des variations des Eglises Protestantes... / (Record no. 152448)
[ view plain ]
| 000 -LEADER | |
|---|---|
| campo de control de longitud fija | 00980nam a2200193 i 4500 |
| 001 - NÚMERO DE CONTROL | |
| campo de control | 152448 |
| 003 - IDENTIFICADOR DE NÚMERO DE CONTROL | |
| campo de control | ES-MaACL |
| 005 - FECHA Y HORA DE LA ÚLTIMA TRANSACCIÓN | |
| campo de control | 20251015063135.0 |
| 008 - DATOS DE LONGITUD FIJA--INFORMACIÓN GENERAL | |
| campo de control de longitud fija | 931025s1770 fr |||| | fre d |
| 100 1# - ENTRADA PRINCIPAL--NOMBRE DE PERSONA | |
| Nombre de persona | Bossuet, Jacques Bénigne, |
| Fechas asociadas al nombre | 1627-1704 |
| 9 (RLIN) | 30723 |
| 245 10 - MENCIÓN DEL TÍTULO | |
| Título | Histoire des variations des Eglises Protestantes... / |
| Mención de responsabilidad, etc. | par... Jacques Benigne Bossuet... ; tome premier [-cinquième]. |
| 260 ## - PUBLICACIÓN, DISTRIBUCIÓN, ETC. | |
| Lugar de publicación, distribución, etc. | A Paris : |
| Nombre del editor, distribuidor, etc. | de l'Imprimerie de L. Cellot..., |
| Fecha de publicación, distribución, etc. | 1770. |
| 300 ## - DESCRIPCIÓN FÍSICA | |
| Extensión | 5 v. ; |
| Dimensiones | 12º (18 cm) |
| 597 ## - NOTA DE DESCRIPCIÓN FÍSICA | |
| NOTA DE DESCRIPCIÓN FÍSICA | Apostillas marginales. |
| 597 ## - NOTA DE DESCRIPCIÓN FÍSICA | |
| NOTA DE DESCRIPCIÓN FÍSICA | Antep. en T. premier y T. troisieme. |
| 650 #4 - PUNTO DE ACCESO ADICIONAL DE MATERIA--TÉRMINO DE MATERIA | |
| Término de materia o nombre geográfico como elemento de entrada | Protestantismo. |
| 9 (RLIN) | 16517 |
| 852 ## - LOCALIZACIÓN | |
| Ubicación | ES-MaACL |
| Número de control de estantería | R-964-68 |
| Nota libre | -- Enc. pasta española |
| Encuadernación | -- Olim: G-8668-8672 |
| -- | -- Edic.: T.I: [4], CXLIV, 332 p. - T.III: III, [1] en bl., 485, [2] p. -- Sign.: []\p2\s, a-f\p12\s, A-N\p12\s, O\p10\s; a\p4\s, A-T\p12\s; []\p2\s, A-R\p12\s; []\p2\s, A-2A\p12\s, B\p8\s; []\p2\s; A-V\p12\s, X\p4\s |
| -- | Olim: G-8668-72 |
| Estatus retirado | Estado de pérdida | Estado de daño | No para préstamo | Colección | Biblioteca de origen | Biblioteca actual | Ubicación en estantería | Fecha de adquisición | Fuente de adquisición | Total de préstamos | Signatura topográfica completa | Código de barras | Visto por última vez | Precio de reemplazo | Tipo de ítem Koha |
|---|---|---|---|---|---|---|---|---|---|---|---|---|---|---|---|
| Libros del s. XVIII | Biblioteca del Ateneo de Madrid | Biblioteca del Ateneo de Madrid | Depósito | 17/01/2008 | R-964-968 | 1159186 | 23/02/2023 | 23/02/2023 | Libro impreso antiguo |
